| 000 | 01840cam a2200517 ar4500 | ||
|---|---|---|---|
| 999 | _c57107 | ||
| 001 | 10237254 | ||
| 003 | LIBRIS | ||
| 005 | 20210329130716.0 | ||
| 008 | 061012s2007 sw |||| |00| 0 swe | ||
| 020 | _a9789178864669 | ||
| 020 | _a9178864666 | ||
| 040 |
_aLGEN _dNB |
||
| 041 | 1 |
_aswe _heng |
|
| 082 | 0 | 4 |
_a917.3 _222 (machine generated) |
| 084 |
_aNqaz New York.08 _2kssb/8 |
||
| 100 | 1 |
_aBerman, Eleanor, _d1934- _0343172 |
|
| 240 | 1 | 0 |
_aNew York. _lSvenska |
| 245 | 1 | 0 |
_aNew York : _b[10 omistliga museer & gallerier, 10 bästa matställena ...] / _cEleanor Berman ; [översättning: Lisa Carlsson] |
| 250 | _a3., aktualiserade utg. | ||
| 260 |
_aStockholm : _bStreiffert, _c2007 _e(Kina) |
||
| 300 |
_a192 s. : _bill. (huvudsakligen i färg) ; _c19 cm |
||
| 440 | 0 | _aFörsta klass pocketguider | |
| 651 | 7 |
_aNew York _2sao |
|
| 655 | 7 |
_aGuideböcker _2saogf _0353451 |
|
| 700 | 1 |
_aCarlsson, Lisa, _d1972- _4trl _0355602 |
|
| 775 | 0 |
_tNew York _d2005 _z91-7886-347-3 _w9712779 |
|
| 942 |
_2z _cBOOK |
||